[Event "Team Championship Russia (Blitz, Men)"]
[Site "Sochi"]
[Date "2018.10.10"]
[Round "1.1"]
[White "Artemiev, Vladislav"]
[Black "Rozhko, Dmitry"]
[Result "1-0"]
[BlackElo "2218"]
[WhiteElo "2849"]
[LiveChessVersion "1.4.8"]

1. e4 {[%clk 0:02:51]} e6 {[%clk 0:03:03]} 2. d4 {[%clk 0:02:51]} d5
{[%clk 0:03:04]} 3. Nc3 {[%clk 0:02:52]} dxe4 {[%clk 0:03:05]} 4. Nxe4
{[%clk 0:02:51]} Bd7 {[%clk 0:03:06]} 5. Nf3 {[%clk 0:02:50]} Bc6
{[%clk 0:03:07]} 6. Bd3 {[%clk 0:02:51]} Nd7 {[%clk 0:03:06]} 7. O-O
{[%clk 0:02:50]} Ngf6 {[%clk 0:03:07]} 8. Ned2 {[%clk 0:02:51]} Be7
{[%clk 0:03:03]} 9. Nc4 {[%clk 0:02:49]} Bxf3 {[%clk 0:02:57]} 10. Qxf3
{[%clk 0:02:49]} c6 {[%clk 0:02:58]} 11. c3 {[%clk 0:02:40]} O-O {[%clk 0:02:55]}
12. Bf4 {[%clk 0:02:38]} Re8 {[%clk 0:02:53]} 13. Rfe1 {[%clk 0:02:34]} Nf8
{[%clk 0:02:50]} 14. Bg3 {[%clk 0:02:27]} Ng6 {[%clk 0:02:40]} 15. a4
{[%clk 0:02:24]} Qd5 {[%clk 0:02:18]} 16. Qxd5 {[%clk 0:02:22]} cxd5
{[%clk 0:01:47]} 17. Na5 {[%clk 0:02:23]} b6 {[%clk 0:01:46]} 18. Nc6
{[%clk 0:02:25]} Nh5 {[%clk 0:01:36]} 19. Ba6 {[%clk 0:02:18]} Nxg3
{[%clk 0:01:32]} 20. hxg3 {[%clk 0:02:19]} Bd6 {[%clk 0:01:06]} 21. Bb7
{[%clk 0:02:19]} Ne7 {[%clk 0:01:01]} 22. Nxe7+ {[%clk 0:02:07]} Bxe7
{[%clk 0:00:59]} 23. Bxa8 {[%clk 0:02:07]} Rxa8 {[%clk 0:01:00]} 24. Kf1
{[%clk 0:02:06]} a5 {[%clk 0:00:53]} 25. Ke2 {[%clk 0:02:06]} Rc8
{[%clk 0:00:51]} 26. Kd3 {[%clk 0:02:06]} Kf8 {[%clk 0:00:51]} 27. Rh1
{[%clk 0:02:06]} h6 {[%clk 0:00:50]} 28. f4 {[%clk 0:02:05]} f5 {[%clk 0:00:47]}
29. Rhe1 {[%clk 0:01:55]} Kf7 {[%clk 0:00:47]} 30. Re2 {[%clk 0:01:49]} h5
{[%clk 0:00:44]} 31. Rc1 {[%clk 0:01:43]} g5 {[%clk 0:00:30]} 32. Rce1
{[%clk 0:01:38]} Rc6 {[%clk 0:00:30]} 33. b3 {[%clk 0:01:32]} gxf4
{[%clk 0:00:23]} 34. gxf4 {[%clk 0:01:33]} h4 {[%clk 0:00:23]} 35. Re3
{[%clk 0:01:24]} Bf8 {[%clk 0:00:20]} 36. Rh3 {[%clk 0:01:22]} Be7
{[%clk 0:00:19]} 37. g3 {[%clk 0:01:22]} hxg3 {[%clk 0:00:17]} 38. Rg1
{[%clk 0:01:16]} Bf6 {[%clk 0:00:00]} 39. Rgxg3 {[%clk 0:01:16]} Ke7
{[%clk 0:00:00]} 40. Rh7+ {[%clk 0:01:16]} Kd6 1-0

[Event "Team Championship Russia (Blitz, Men)"]
[Site "Sochi"]
[Date "2018.10.10"]
[Round "1.3"]
[White "Timofeev, Artyom"]
[Black "Tekeyev, Zaur"]
[Result "1-0"]
[BlackElo "2301"]
[WhiteElo "2610"]
[LiveChessVersion "1.4.8"]

1. c4 {[%clk 0:03:02]} e5 {[%clk 0:02:11]} 2. Nc3 {[%clk 0:03:02]} Bb4
{[%clk 0:02:08]} 3. Nd5 {[%clk 0:03:00]} Be7 {[%clk 0:02:06]} 4. d4
{[%clk 0:02:59]} d6 {[%clk 0:02:03]} 5. e3 {[%clk 0:02:55]} Nf6 {[%clk 0:02:00]}
6. Nxe7 {[%clk 0:02:54]} Qxe7 {[%clk 0:02:00]} 7. Nf3 {[%clk 0:02:54]} O-O
{[%clk 0:01:52]} 8. Be2 {[%clk 0:02:55]} Bg4 {[%clk 0:01:16]} 9. h3
{[%clk 0:02:55]} Bf5 {[%clk 0:01:09]} 10. O-O {[%clk 0:02:50]} Nc6
{[%clk 0:01:08]} 11. b3 {[%clk 0:02:50]} a5 {[%clk 0:01:04]} 12. Bb2
{[%clk 0:02:50]} Rfe8 {[%clk 0:00:58]} 13. d5 {[%clk 0:02:46]} Nb8
{[%clk 0:00:57]} 14. a3 {[%clk 0:02:42]} c6 {[%clk 0:00:55]} 15. dxc6
{[%clk 0:02:37]} Nxc6 {[%clk 0:00:56]} 16. Qc1 {[%clk 0:01:54]} Rac8
{[%clk 0:00:56]} 17. Rd1 {[%clk 0:01:51]} d5 {[%clk 0:00:49]} 18. Qd2
{[%clk 0:01:52]} dxc4 {[%clk 0:00:39]} 19. Bxc4 {[%clk 0:01:52]} Red8
{[%clk 0:00:31]} 20. Qe2 {[%clk 0:01:52]} Ne4 {[%clk 0:00:29]} 21. Rac1
{[%clk 0:01:40]} Be6 {[%clk 0:00:17]} 22. Rxd8+ {[%clk 0:01:04]} Rxd8
{[%clk 0:00:19]} 23. a4 {[%clk 0:00:52]} f6 {[%clk 0:00:14]} 24. Ba3
{[%clk 0:00:44]} Qf7 {[%clk 0:00:10]} 25. Qc2 {[%clk 0:00:40]} Bxc4
{[%clk 0:00:10]} 26. bxc4 {[%clk 0:00:41]} Qg6 {[%clk 0:00:05]} 27. Qb3
{[%clk 0:00:42]} Qf7 {[%clk 0:00:06]} 28. Qb6 {[%clk 0:00:37]} Nd6
{[%clk 0:00:04]} 29. Rd1 {[%clk 0:00:33]} Qe7 {[%clk 0:00:03]} 30. Qc5
{[%clk 0:00:20]} Nc8 {[%clk 0:00:03]} 31. Rxd8+ Qxd8 32. Qd5+ {[%clk 0:00:13]}
Qxd5 {[%clk 0:00:06]} 33. cxd5 {[%clk 0:00:14]} Nb8 {[%clk 0:00:06]} 34. Nd2
{[%clk 0:00:15]} Nd7 {[%clk 0:00:07]} 35. e4 {[%clk 0:00:16]} Ncb6
{[%clk 0:00:07]} 36. Nb3 {[%clk 0:00:16]} Nxa4 {[%clk 0:00:05]} 37. Nxa5
{[%clk 0:00:17]} b5 {[%clk 0:00:06]} 38. f3 {[%clk 0:00:17]} Kf7 {[%clk 0:00:07]}
39. Nc6 {[%clk 0:00:18]} Nab6 {[%clk 0:00:04]} 40. Kf2 {[%clk 0:00:18]} Nc4
{[%clk 0:00:06]} 41. Bb4 {[%clk 0:00:20]} g6 {[%clk 0:00:05]} 42. Ke2
{[%clk 0:00:21]} f5 {[%clk 0:00:06]} 43. Kd3 {[%clk 0:00:21]} Kf6
{[%clk 0:00:07]} 44. Be7+ {[%clk 0:00:21]} Kf7 {[%clk 0:00:08]} 45. Bg5
{[%clk 0:00:20]} Nd6 {[%clk 0:00:08]} 46. Be3 {[%clk 0:00:18]} Kf6
{[%clk 0:00:05]} 47. h4 {[%clk 0:00:18]} Kf7 {[%clk 0:00:05]} 48. g4
{[%clk 0:00:17]} fxe4+ {[%clk 0:00:06]} 49. fxe4 {[%clk 0:00:18]} h5
{[%clk 0:00:06]} 50. g5 {[%clk 0:00:15]} Nc4 {[%clk 0:00:07]} 51. Bf2
{[%clk 0:00:15]} Nd6 {[%clk 0:00:05]} 52. Ba7 {[%clk 0:00:14]} Ke8
{[%clk 0:00:05]} 53. Nb8 {[%clk 0:00:05]} Ke7 {[%clk 0:00:03]} 54. Nxd7
{[%clk 0:00:05]} Kxd7 {[%clk 0:00:04]} 55. Bb8 {[%clk 0:00:06]} Nc4
{[%clk 0:00:05]} 56. Kc3 {[%clk 0:00:07]} Kc8 {[%clk 0:00:06]} 57. Ba7
{[%clk 0:00:08]} Nd6 {[%clk 0:00:07]} 58. Kd3 {[%clk 0:00:09]} Kd7
{[%clk 0:00:06]} 59. Bc5 {[%clk 0:00:10]} Nb7 {[%clk 0:00:05]} 60. Bb4
{[%clk 0:00:11]} Kc7 {[%clk 0:00:07]} 61. Kc3 {[%clk 0:00:09]} Kb6
{[%clk 0:00:07]} 62. Be7 {[%clk 0:00:10]} Kc7 {[%clk 0:00:05]} 63. Kb4
{[%clk 0:00:10]} Kb6 {[%clk 0:00:04]} 64. Kc3 {[%clk 0:00:04]} 1-0

[Event "Team Championship Russia (Blitz, Men)"]
[Site "Sochi"]
[Date "2018.10.10"]
[Round "1.4"]
[White "Kozak, Alexander"]
[Black "Sharafiev, Azat"]
[Result "1/2-1/2"]
[BlackElo "2435"]
[WhiteElo "2431"]
[LiveChessVersion "1.4.8"]

1. e4 {[%clk 0:03:03]} g6 {[%clk 0:03:03]} 2. d4 {[%clk 0:03:02]} Bg7
{[%clk 0:03:04]} 3. c3 {[%clk 0:03:03]} d6 {[%clk 0:03:02]} 4. f4
{[%clk 0:03:04]} Nf6 {[%clk 0:02:57]} 5. Bd3 {[%clk 0:03:05]} e5 {[%clk 0:02:49]}
6. Nf3 {[%clk 0:03:06]} Nc6 {[%clk 0:02:49]} 7. O-O {[%clk 0:03:02]} O-O
{[%clk 0:02:47]} 8. a3 {[%clk 0:02:54]} Bg4 {[%clk 0:02:32]} 9. Be3
{[%clk 0:02:40]} exd4 {[%clk 0:02:20]} 10. cxd4 {[%clk 0:02:40]} Re8
{[%clk 0:02:18]} 11. Nc3 {[%clk 0:02:41]} Nd7 {[%clk 0:02:15]} 12. e5
{[%clk 0:02:26]} Bxf3 13. Rxf3 {[%clk 0:02:15]} dxe5 {[%clk 0:01:58]} 14. fxe5
Ncxe5 {[%clk 0:01:55]} 15. dxe5 {[%clk 0:02:12]} Nxe5 {[%clk 0:01:56]} 16. Be4
{[%clk 0:02:07]} Qxd1+ {[%clk 0:01:55]} 17. Rxd1 {[%clk 0:02:08]} Nxf3+
{[%clk 0:01:55]} 18. gxf3 {[%clk 0:02:08]} c6 {[%clk 0:01:36]} 19. Bg5
{[%clk 0:01:57]} f6 {[%clk 0:01:36]} 20. Bf4 {[%clk 0:01:42]} Rad8
{[%clk 0:01:36]} 21. Rxd8 {[%clk 0:01:39]} Rxd8 {[%clk 0:01:38]} 22. Kf2
{[%clk 0:01:39]} Kf7 {[%clk 0:01:37]} 23. Be3 {[%clk 0:01:34]} f5
{[%clk 0:01:36]} 24. Bc2 {[%clk 0:01:35]} Bd4 {[%clk 0:01:36]} 25. f4
{[%clk 0:01:28]} Kf6 {[%clk 0:01:30]} 26. Ne2 {[%clk 0:01:11]} Bxe3+
{[%clk 0:01:31]} 27. Kxe3 {[%clk 0:01:12]} h6 {[%clk 0:01:28]} 28. h4
{[%clk 0:01:06]} g5 {[%clk 0:01:12]} 29. hxg5+ {[%clk 0:01:06]} hxg5
{[%clk 0:01:13]} 30. fxg5+ {[%clk 0:01:02]} Kxg5 {[%clk 0:01:14]} 31. Nd4
{[%clk 0:00:51]} f4+ {[%clk 0:01:05]} 32. Ke4 {[%clk 0:00:48]} Re8+
{[%clk 0:01:04]} 33. Kf3 {[%clk 0:00:49]} Re3+ {[%clk 0:01:03]} 34. Kf2
{[%clk 0:00:50]} Rh3 {[%clk 0:00:54]} 35. Nf3+ {[%clk 0:00:43]} Kf6
{[%clk 0:00:55]} 36. Be4 {[%clk 0:00:42]} Rh1 {[%clk 0:00:50]} 37. Ke2
{[%clk 0:00:42]} Rh8 {[%clk 0:00:41]} 38. b4 {[%clk 0:00:39]} a5 {[%clk 0:00:42]}
39. Nd2 {[%clk 0:00:27]} axb4 {[%clk 0:00:42]} 40. axb4 {[%clk 0:00:28]} Ke5
{[%clk 0:00:43]} 41. Bf3 {[%clk 0:00:26]} Ra8 {[%clk 0:00:42]} 42. Nc4+
{[%clk 0:00:25]} Kd4 {[%clk 0:00:42]} 43. Na5 {[%clk 0:00:27]} Re8+
{[%clk 0:00:39]} 44. Kf2 {[%clk 0:00:26]} Re7 {[%clk 0:00:39]} 45. Bxc6
{[%clk 0:00:26]} b6 {[%clk 0:00:38]} 46. Nb7 {[%clk 0:00:23]} b5 {[%clk 0:00:22]}
47. Na5 {[%clk 0:00:21]} Re5 {[%clk 0:00:19]} 48. Kf3 {[%clk 0:00:20]} Kc3
{[%clk 0:00:19]} 49. Kxf4 {[%clk 0:00:21]} Rh5 {[%clk 0:00:20]} 50. Kg4
{[%clk 0:00:22]} Re5 {[%clk 0:00:21]} 51. Kf4 {[%clk 0:00:23]} Rh5
{[%clk 0:00:22]} 52. Kg4 {[%clk 0:00:21]} Re5 {[%clk 0:00:23]} 53. Kf4
{[%clk 0:00:21]} Rh5 {[%clk 0:00:25]} 54. Kg4 {[%clk 0:00:21]} Re5
{[%clk 0:00:26]} 55. Kf4 {[%clk 0:00:21]} Re1 {[%clk 0:00:18]} 56. Bxb5
{[%clk 0:00:19]} Kxb4 {[%clk 0:00:19]} 57. Bc6 {[%clk 0:00:20]} Kxa5
{[%clk 0:00:19]} 58. Kf5 {[%clk 0:00:21]} Kb6 {[%clk 0:00:20]} 59. Be4
{[%clk 0:00:21]} Kc5 {[%clk 0:00:21]} 60. Bc2 {[%clk 0:00:22]} Kd6
{[%clk 0:00:21]} 61. Bd3 {[%clk 0:00:23]} Re3 {[%clk 0:00:21]} 62. Be4
{[%clk 0:00:25]} Rg3 {[%clk 0:00:20]} 63. Kf4 {[%clk 0:00:26]} Rg8
{[%clk 0:00:20]} 64. Kf5 {[%clk 0:00:27]} Rf8+ {[%clk 0:00:20]} 65. Kg6
{[%clk 0:00:28]} Ke5 {[%clk 0:00:21]} 66. Bc2 {[%clk 0:00:29]} Rc8
{[%clk 0:00:22]} 67. Bd3 {[%clk 0:00:30]} Rc3 {[%clk 0:00:22]} 68. Bb1
{[%clk 0:00:31]} Rg3+ {[%clk 0:00:22]} 69. Kf7 {[%clk 0:00:32]} Rg5
{[%clk 0:00:21]} 70. Bc2 {[%clk 0:00:33]} Rg1 {[%clk 0:00:21]} 71. Bd3
{[%clk 0:00:34]} Rd1 {[%clk 0:00:21]} 72. Bc2 {[%clk 0:00:36]} Rd6
{[%clk 0:00:22]} 73. Bb1 {[%clk 0:00:37]} Rf6+ {[%clk 0:00:23]} 74. Kg7
{[%clk 0:00:38]} Rf2 {[%clk 0:00:23]} 75. Bd3 {[%clk 0:00:39]} Kf4
{[%clk 0:00:24]} 76. Kg6 {[%clk 0:00:39]} Rg2+ {[%clk 0:00:24]} 77. Kf6
{[%clk 0:00:40]} Rd2 {[%clk 0:00:25]} 78. Bc4 {[%clk 0:00:41]} Rd6+
{[%clk 0:00:26]} 79. Kg7 {[%clk 0:00:41]} Kg5 {[%clk 0:00:27]} 80. Bb3
{[%clk 0:00:42]} Rd7+ {[%clk 0:00:28]} 81. Kh8 {[%clk 0:00:43]} Kf6
{[%clk 0:00:28]} 82. Bc2 {[%clk 0:00:43]} Rd4 {[%clk 0:00:28]} 83. Kh7
{[%clk 0:00:43]} Rc4 {[%clk 0:00:24]} 84. Bd3 {[%clk 0:00:44]} Rb4
{[%clk 0:00:23]} 85. Kh8 {[%clk 0:00:44]} Kf7 {[%clk 0:00:24]} 86. Bc2
{[%clk 0:00:42]} Rb8+ {[%clk 0:00:23]} 87. Kh7 {[%clk 0:00:43]} Rb2
{[%clk 0:00:24]} 88. Bg6+ {[%clk 0:00:43]} Kf6 {[%clk 0:00:25]} 89. Be4
{[%clk 0:00:44]} Rh2+ {[%clk 0:00:25]} 90. Kg8 {[%clk 0:00:45]} Rh4
{[%clk 0:00:25]} 91. Bd3 {[%clk 0:00:46]} Rg4+ {[%clk 0:00:25]} 92. Kh8
{[%clk 0:00:47]} Kf7 {[%clk 0:00:26]} 93. Bc2 {[%clk 0:00:48]} Rg8+
{[%clk 0:00:21]} 94. Kh7 {[%clk 0:00:49]} Rg3 {[%clk 0:00:19]} 95. Kh8
{[%clk 0:00:50]} Rg8+ {[%clk 0:00:20]} 96. Kh7 {[%clk 0:00:51]} Rc8
{[%clk 0:00:21]} 97. Bg6+ {[%clk 0:00:52]} Kf6 {[%clk 0:00:22]} 98. Bd3
{[%clk 0:00:53]} Rc3 {[%clk 0:00:20]} 99. Be4 {[%clk 0:00:54]} Rh3+
{[%clk 0:00:18]} 100. Kg8 {[%clk 0:00:55]} Rh4 {[%clk 0:00:19]} 101. Bd3
{[%clk 0:00:56]} Rd4 {[%clk 0:00:18]} 102. Bc2 {[%clk 0:00:57]} Rd8+
{[%clk 0:00:14]} 103. Kh7 {[%clk 0:00:58]} Rc8 {[%clk 0:00:11]} 104. Bd3
{[%clk 0:00:59]} Rb8 {[%clk 0:00:11]} 105. Be4 {[%clk 0:01:00]} Re8
{[%clk 0:00:10]} 106. Bd3 {[%clk 0:01:01]} Re7+ {[%clk 0:00:11]} 107. Kh8
{[%clk 0:01:03]} Kf7 {[%clk 0:00:12]} 108. Bc2 {[%clk 0:01:01]} Re3
{[%clk 0:00:12]} 109. Bb1 {[%clk 0:01:01]} Kf6 {[%clk 0:00:09]} 110. Bc2
{[%clk 0:01:02]} Kf7 {[%clk 0:00:09]} 111. Bb1 {[%clk 0:01:03]} Re8+
{[%clk 0:00:10]} 112. Kh7 {[%clk 0:01:04]} Rb8 {[%clk 0:00:11]} 113. Bg6+
{[%clk 0:01:05]} Kf8 {[%clk 0:00:12]} 114. Bd3 {[%clk 0:01:06]} Rb3
{[%clk 0:00:11]} 115. Be4 {[%clk 0:01:07]} Rg3 {[%clk 0:00:11]} 116. Bc2
{[%clk 0:01:06]} Rg7+ {[%clk 0:00:08]} 117. Kh8 {[%clk 0:01:07]} Kf7
{[%clk 0:00:09]} 118. Bb3+ {[%clk 0:01:07]} Kf6 {[%clk 0:00:10]} 119. Bc2
{[%clk 0:01:08]} Rc7 {[%clk 0:00:11]} 120. Bb3 {[%clk 0:01:09]} Kg5
{[%clk 0:00:12]} 121. Ba2 {[%clk 0:01:08]} Kh6 {[%clk 0:00:13]} 122. Bb3
{[%clk 0:01:09]} Kg6 {[%clk 0:00:11]} 123. Bd5 {[%clk 0:01:08]} Rh7+
{[%clk 0:00:11]} 124. Kg8 {[%clk 0:01:09]} Rd7 {[%clk 0:00:12]} 125. Be4+
{[%clk 0:01:10]} Kf6 {[%clk 0:00:13]} 126. Bc2 {[%clk 0:01:11]} Rg7+
{[%clk 0:00:14]} 127. Kh8 {[%clk 0:01:12]} Re7 {[%clk 0:00:14]} 128. Bd3
{[%clk 0:01:13]} Kg5 {[%clk 0:00:16]} 129. Bc2 {[%clk 0:01:14]} Rd7
{[%clk 0:00:15]} 130. Bb1 {[%clk 0:01:15]} Rc7 {[%clk 0:00:15]} 131. Be4
{[%clk 0:01:16]} Kh6 {[%clk 0:00:12]} 132. Bd5 {[%clk 0:01:17]} Kg6
{[%clk 0:00:11]} 133. Be4+ {[%clk 0:01:18]} Kh6 {[%clk 0:00:12]} 134. Bd5
{[%clk 0:01:19]} Re7 {[%clk 0:00:13]} 135. Bc4 {[%clk 0:01:20]} Re8+
{[%clk 0:00:12]} 136. Bg8 {[%clk 0:01:21]} Re3 {[%clk 0:00:13]} 137. Bd5
{[%clk 0:01:22]} Kg6 {[%clk 0:00:12]} 138. Bc4 {[%clk 0:01:23]} Rh3+
{[%clk 0:00:12]} 139. Kg8 {[%clk 0:01:25]} Rc3 {[%clk 0:00:13]} 140. Bf7+
{[%clk 0:01:26]} Kh6 {[%clk 0:00:14]} 141. Be6 {[%clk 0:01:26]} Rc6
{[%clk 0:00:14]} 142. Bd5 {[%clk 0:01:26]} Rc8+ {[%clk 0:00:15]} 143. Kf7
{[%clk 0:01:27]} Rd8 {[%clk 0:00:16]} 144. Ke6 {[%clk 0:01:29]} Kg6
{[%clk 0:00:17]} 145. Ke5 {[%clk 0:01:30]} Kg5 {[%clk 0:00:18]} 146. Bf7
{[%clk 0:01:31]} Rd2 {[%clk 0:00:18]} 147. Bg8 {[%clk 0:01:31]} Re2+
{[%clk 0:00:19]} 148. Kd4 {[%clk 0:01:32]} Kf6 {[%clk 0:00:20]} 149. Bh7
{[%clk 0:01:32]} Ke6 {[%clk 0:00:21]} 150. Bg8+ {[%clk 0:01:33]} Kd5+ 1/2-1/2

[Event "Team Championship Russia (Blitz, Men)"]
[Site "Sochi"]
[Date "2018.10.10"]
[Round "1.5"]
[White "Kretov, Evgenij"]
[Black "Dubov, Daniil"]
[Result "0-1"]
[BlackElo "2706"]
[WhiteElo "2355"]
[LiveChessVersion "1.4.8"]

1. d4 {[%clk 0:03:03]} e6 {[%clk 0:02:57]} 2. c4 {[%clk 0:03:04]} c5
{[%clk 0:02:58]} 3. d5 {[%clk 0:03:02]} exd5 {[%clk 0:02:59]} 4. cxd5 d6 5. Nc3
{[%clk 0:03:03]} g6 {[%clk 0:03:02]} 6. e4 {[%clk 0:03:04]} Bg7 {[%clk 0:03:03]}
7. f4 {[%clk 0:03:04]} Bxc3+ {[%clk 0:03:01]} 8. bxc3 {[%clk 0:03:05]} Nf6
{[%clk 0:03:01]} 9. Bd3 {[%clk 0:02:15]} O-O {[%clk 0:03:01]} 10. Ne2
{[%clk 0:02:11]} Re8 {[%clk 0:02:57]} 11. O-O {[%clk 0:02:02]} c4
{[%clk 0:02:31]} 12. Bxc4 {[%clk 0:01:19]} Nxe4 {[%clk 0:02:30]} 13. Qd4
{[%clk 0:01:13]} Nd7 {[%clk 0:02:19]} 14. f5 {[%clk 0:00:59]} Qb6
{[%clk 0:02:20]} 15. fxg6 {[%clk 0:00:50]} hxg6 {[%clk 0:02:18]} 16. Qxb6
{[%clk 0:00:23]} Nxb6 {[%clk 0:02:18]} 17. Bb5 {[%clk 0:00:22]} Bd7
{[%clk 0:02:16]} 18. Bxd7 {[%clk 0:00:21]} Nxd7 {[%clk 0:02:17]} 19. Ba3
{[%clk 0:00:20]} Rac8 {[%clk 0:02:17]} 20. Rae1 {[%clk 0:00:17]} Nd2
{[%clk 0:02:10]} 21. Rf2 {[%clk 0:00:11]} Nb6 {[%clk 0:02:06]} 22. Rd1
{[%clk 0:00:10]} Ne4 {[%clk 0:02:00]} 23. Rf3 {[%clk 0:00:10]} Re5
{[%clk 0:01:31]} 24. Re3 {[%clk 0:00:07]} Nc4 {[%clk 0:01:27]} 0-1

[Event "Team Championship Russia (Blitz, Men)"]
[Site "Sochi"]
[Date "2018.10.10"]
[Round "1.6"]
[White "Morozevich, Alexander"]
[Black "Chekhov, Sergei"]
[Result "1-0"]
[BlackElo "2391"]
[WhiteElo "2677"]
[LiveChessVersion "1.4.8"]

1. e4 {[%clk 0:03:02]} c5 {[%clk 0:03:04]} 2. Nf3 {[%clk 0:03:03]} e6
{[%clk 0:03:05]} 3. g3 {[%clk 0:03:02]} b6 {[%clk 0:03:06]} 4. Bg2
{[%clk 0:03:02]} Bb7 {[%clk 0:03:06]} 5. d3 {[%clk 0:03:03]} Nf6 {[%clk 0:03:03]}
6. O-O {[%clk 0:03:04]} d5 {[%clk 0:02:56]} 7. e5 {[%clk 0:02:57]} Nfd7
{[%clk 0:02:57]} 8. c4 {[%clk 0:02:58]} Be7 {[%clk 0:02:46]} 9. h4
{[%clk 0:02:48]} O-O {[%clk 0:02:30]} 10. Bf4 {[%clk 0:02:47]} a6
{[%clk 0:02:19]} 11. Re1 {[%clk 0:02:32]} b5 {[%clk 0:02:18]} 12. Nc3
{[%clk 0:02:24]} d4 {[%clk 0:02:00]} 13. Ne4 {[%clk 0:02:25]} Nc6
{[%clk 0:01:48]} 14. b3 {[%clk 0:01:52]} Nb6 {[%clk 0:01:18]} 15. Nfg5
{[%clk 0:01:52]} h6 {[%clk 0:01:07]} 16. Qh5 {[%clk 0:01:52]} Qe8
{[%clk 0:01:03]} 17. Nf6+ {[%clk 0:01:40]} Bxf6 {[%clk 0:00:50]} 18. exf6
{[%clk 0:01:39]} Nd7 {[%clk 0:00:38]} 19. Ne4 {[%clk 0:01:30]} e5
{[%clk 0:00:10]} 20. Bxh6 {[%clk 0:01:31]} g6 {[%clk 0:00:09]} 21. Qg5
{[%clk 0:01:31]} Nd8 {[%clk 0:00:00]} 1-0

[Event "Team Championship Russia (Blitz, Men)"]
[Site "Sochi"]
[Date "2018.10.10"]
[Round "1.7"]
[White "Okun, Evgeny"]
[Black "Savchenko, Boris"]
[Result "0-1"]
[BlackElo "2657"]
[WhiteElo "2197"]
[LiveChessVersion "1.4.8"]

1. e4 {[%clk 0:03:02]} e6 {[%clk 0:02:04]} 2. d4 {[%clk 0:02:56]} d5
{[%clk 0:02:05]} 3. Nd2 {[%clk 0:02:57]} Be7 {[%clk 0:02:05]} 4. Ngf3
{[%clk 0:02:50]} c5 {[%clk 0:02:05]} 5. Bb5+ {[%clk 0:02:34]} Nc6
{[%clk 0:01:49]} 6. dxc5 {[%clk 0:02:33]} Nf6 {[%clk 0:01:46]} 7. exd5
{[%clk 0:02:23]} Nxd5 {[%clk 0:01:45]} 8. Bxc6+ {[%clk 0:02:15]} bxc6
{[%clk 0:01:46]} 9. O-O {[%clk 0:02:02]} Ba6 {[%clk 0:01:08]} 10. Re1
{[%clk 0:02:03]} Bxc5 {[%clk 0:01:03]} 11. Ne4 {[%clk 0:02:01]} Be7
{[%clk 0:01:03]} 12. b3 {[%clk 0:01:52]} f6 {[%clk 0:01:02]} 13. a3
{[%clk 0:01:30]} e5 {[%clk 0:01:00]} 14. c4 {[%clk 0:01:26]} Nc7 {[%clk 0:01:00]}
15. Qc2 {[%clk 0:01:21]} Ne6 {[%clk 0:00:58]} 16. Bb2 {[%clk 0:01:22]} c5
{[%clk 0:00:57]} 17. Rad1 {[%clk 0:01:09]} Nd4 {[%clk 0:00:55]} 18. Bxd4
{[%clk 0:01:02]} cxd4 {[%clk 0:00:55]} 19. b4 {[%clk 0:01:03]} O-O
{[%clk 0:00:47]} 20. b5 {[%clk 0:00:42]} Bc8 {[%clk 0:00:48]} 21. c5
{[%clk 0:00:42]} Be6 {[%clk 0:00:48]} 22. a4 {[%clk 0:00:26]} Qd5
{[%clk 0:00:33]} 23. c6 {[%clk 0:00:14]} Rac8 {[%clk 0:00:30]} 24. Qb2
{[%clk 0:00:10]} a6 {[%clk 0:00:25]} 25. Ng3 {[%clk 0:00:10]} Rc7
{[%clk 0:00:23]} 26. Ne2 {[%clk 0:00:06]} Bf7 {[%clk 0:00:22]} 27. Ng3
{[%clk 0:00:07]} Rb8 {[%clk 0:00:22]} 28. Rc1 Rxc6 {[%clk 0:00:21]} 29. Rxc6
{[%clk 0:00:05]} Qxc6 {[%clk 0:00:22]} 30. bxc6 {[%clk 0:00:06]} Rxb2
{[%clk 0:00:23]} 31. c7 {[%clk 0:00:05]} Rc2 {[%clk 0:00:23]} 32. Nxd4
{[%clk 0:00:05]} Rxc7 {[%clk 0:00:19]} 33. Ndf5 {[%clk 0:00:06]} Bb4
{[%clk 0:00:19]} 34. Rd1 {[%clk 0:00:07]} h6 {[%clk 0:00:18]} 35. h4
{[%clk 0:00:08]} a5 {[%clk 0:00:19]} 36. h5 {[%clk 0:00:09]} Be6 {[%clk 0:00:18]}
37. Rd8+ {[%clk 0:00:10]} Kf7 {[%clk 0:00:19]} 38. Ne3 {[%clk 0:00:09]} Rc8
{[%clk 0:00:18]} 39. Rd3 {[%clk 0:00:09]} Rc7 {[%clk 0:00:18]} 40. Rd8
{[%clk 0:00:09]} Rd7 {[%clk 0:00:18]} 41. Ra8 {[%clk 0:00:10]} g6
{[%clk 0:00:17]} 42. hxg6+ {[%clk 0:00:08]} Kxg6 {[%clk 0:00:18]} 43. Kh2
{[%clk 0:00:07]} h5 {[%clk 0:00:18]} 44. Rh8 {[%clk 0:00:07]} Bb3
{[%clk 0:00:15]} 45. Nxh5 {[%clk 0:00:06]} Bxa4 {[%clk 0:00:14]} 46. g4
{[%clk 0:00:07]} Bb3 {[%clk 0:00:15]} 47. Nf5 {[%clk 0:00:08]} Bd2
{[%clk 0:00:14]} 48. Ra8 {[%clk 0:00:06]} a4 {[%clk 0:00:14]} 49. Rf8 Bg5
{[%clk 0:00:14]} 50. Ra8 {[%clk 0:00:05]} Kh7 {[%clk 0:00:14]} 51. Ra6
{[%clk 0:00:06]} Rf7 {[%clk 0:00:14]} 52. Ra8 {[%clk 0:00:05]} Bc2
{[%clk 0:00:14]} 53. Ne3 {[%clk 0:00:05]} Bxe3 54. fxe3 Kh6 {[%clk 0:00:14]} 55.
Ng3 {[%clk 0:00:08]} Kg5 {[%clk 0:00:14]} 56. Rg8+ {[%clk 0:00:09]} Kh4
{[%clk 0:00:14]} 57. Kg2 {[%clk 0:00:09]} Rd7 {[%clk 0:00:15]} 58. Kf3
{[%clk 0:00:10]} Bd1+ {[%clk 0:00:15]} 59. Kf2 {[%clk 0:00:11]} Rd2+
{[%clk 0:00:15]} 60. Ke1 {[%clk 0:00:12]} Rd3 {[%clk 0:00:16]} 61. Nf5+
{[%clk 0:00:12]} Kh3 {[%clk 0:00:17]} 62. g5 {[%clk 0:00:13]} fxg5
{[%clk 0:00:14]} 63. Rxg5 {[%clk 0:00:14]} Bg4 {[%clk 0:00:15]} 64. e4
{[%clk 0:00:08]} a3 {[%clk 0:00:16]} 65. Rg8 {[%clk 0:00:08]} a2 {[%clk 0:00:15]}
66. Ra8 {[%clk 0:00:09]} Rd1+ 67. Kf2 a1=Q {[%clk 0:00:10]} 68. Rh8+
{[%clk 0:00:11]} Bh5 {[%clk 0:00:11]} 69. Rxh5+ {[%clk 0:00:11]} Kg4
{[%clk 0:00:13]} 0-1